000 00435nam a22001817a 4500
003 CEME
005 20210628203023.0
008 210119b xxu||||| |||| 00| 0 eng d
040 _c.
082 _a540.82 ZUB
100 _aZubay, Geoffrey
_92537
245 _aBiochemistry
250 _a2nd
260 _aRAWALPINDI
_bNATIONAL BOOK FOUNDATION
_c2007
300 _aXXVI, 1265 P
650 _aBIOCHEMISTRY
_92455
942 _cBK
_2ddc
999 _c571858
_d571858